000 00202nam a2200085Ia 4500
005 20250523150954.0
008 250523s9999 xx 000 0 und d
245 0 _aENDİŞE AĞACI
_cMARİANNE
260 _bALTIN
999 _c11894
_d11894